000 00756nam a2200265 i 4500
001 C2-0318059
003 PPAK
005 20180728114100.0
008 121004s2012 my a|||| ||||| | may d
020 _a9789673561285
040 _aPPAK
_beng
_cPPAK
_erda
082 0 4 _a577.7
_223
090 0 0 _a577.7
_bHAS
_dRK
100 0 _aHasanah Ahmad Bedawi,
_eauthor
245 1 0 _aKegiatan perikanan Malaysia
264 1 _aSeri Kembangan, Selangor :
_bContent Plus ,
_c2012
300 _a48 pages :
_bcolour illustrations ;
_c30 cm.
336 _2rdacontent
_atext
337 _2rdamedia
_aunmediated
338 _2rdacarrier
_avolume
490 1 _aTerokai dunia maritim
650 1 0 _aMarine ecology
830 0 _aTerokai dunia maritim
942 _ddc
_cB
999 _c119041
_d119041